Sports Quiz

Random Sports Quiz

Danish players in US sports Quiz Stats

 Plays Quiz not verified by Sporcle

Score 0/11 Timer 10:00
0 Plays Today
Team Player % Correct
NFL: Saints, Falcons, Giants, Chiefs, Vikings Morten Andersen
98.3%
NHL: IslandersFrans Nielsen
80%
NHL: CanucksJannik Hansen
68.3%
NHL: CoyotesMikkel Bødker
61.7%
MLS: WizardsJimmy Nielsen
55%
NHL: SenatorsPeter Regin
51.7%
NHL: BluesLars Eller
51.7%
MLS: EarthquakesRonnie Ekelund
48.3%
MLS: Red BullsBrian Nielsen
46.7%
MLS: WizardsMiklos Molnar
45%
NHL: StarsPhilip Larsen
41.7%

You're not logged in!

Compare scores with friends on all Sporcle quizzes.
OR
Log In

Show Comments

Extras

Created Oct 31, 2010ReportNominate
Tags:danish, player, team

Top Quizzes Today


Score Distribution

Your Account Isn't Verified!

In order to create a playlist on Sporcle, you need to verify the email address you used during registration. Go to your Sporcle Settings to finish the process.

Report this User

Report this user for behavior that violates our Community Guidelines.

Details: